00824nam a22002417a 450000500170000001000130001702000230003003500130005303700160006604000120008208200150009410000260010924500480013526000440018327000460022730000340027350000220030765000550032965000290038494200240041399900190043795201260045620170124110203.0 aB-062840 c350.00a8120318730 aB-062840 bCen Lib/Ret aDPLbEN a005.8bDAN aDanda, Matthew936754 aProtect yourself online /cby Matthew Danda aNew DelhibPrintice-Hall of Indiac2001 aM-97, Cannaught CircusbNew Delhie110001 axxvi,336p. :c24cm (Hb)b1ll. aIncludes index  aComputer networks -- Security measures 914405 aComputer security914876 2ddccENh005.8mDAN c133081d133081 00104070aLbLd2015-07-24eCen Lib/Retg350.00l0o005.8 DANpB-062840r2015-07-24 00:00:00t1v350.00w2015-07-24yEN